000 00306nam a22001457a 4500
008 230508b ||||| |||| 00| 0 eng d
020 _a9780446576437
041 _aeng
080 _a94
082 _a94LES
100 _a28
101 _aHISTORY
245 _aREPUBLIC,LOST
_cLESSIG,L
942 _2udc
_cBK
999 _c59676
_d59676